000
00253nam a22001097a 4500
999
_c
8170
_d
8171
008
190719b ||||| |||| 00| 0 eng d
082
_a
248.1 NYA
100
_a
Nyanasamvara, Phra
245
_a
Buddhist Psychology
300
_a
77 p.
_c
18 cm.
942
_2
ddc